000 00353nam a2200133Ia 4500
008 221021s9999||||xx |||||||||||||| ||und||
020 _a0-07-233419-3
040 _cChuka University Library
050 _aQH 430
_b .T36 2002
100 _aTamarin, Robert H.
_91352
245 0 _aPrinciples of genetics
260 _aBoston
_bMcGrawhill
_c2002
942 _cBK
999 _c1324
_d1324